1986 1426 1207 1319 1393 1555 1671 1565 1617 1334 1223 1423 1504 1353 1424 1250 1103 1360 1546 1421 1699 1591 1319 1923 1590 1413 1749 1370 1669 1549 1013 1502 1474 1427 1542 1959 1824 1612 1705 1078 1792 1108 1328 1794 1201 1089 1140 1331 1454 1634 1605 1238 1141 1571 1385 1141 1141 1717 1728 1466 1852 1143 1146 1607 1232 1598 1832 1266 1686 1820 1486 1246 1210 1096 1473 1867 1117 1318 1484 1865 1164 1553 1298 1970 1656 1054 1751 1770 1264 1899 1429 1063 1776 1811 1305 1976 1137 1467 1347 BCNSPRNW ULIB Ver.6.0+V

เปลี่ยนเป็นภาษาไทย

Change to English
 แสดงรายละเอียดบรรณานุกรม
  กลับหน้าหลัก

Brief Record : Get Marc (ISO 2709) : E-mail record : QR code < ปิดหน้าต่าง
LEADER : 00000nam 2200000uu 4500
001    13399114057
003     ULIB
008    110627s||||||||th 000 0 tha d
020    9789747446579
090    นว.^bว859ห 2550
100 0  ฌามิวอาห์
245 00 ริยาห พายุทราย สายลมรัก/^cฌามิวอาห์
250    พิมพ์ครั้งที่ 2
260    กรุงเทพฯ :^bแจ่มใส,^c2550
300    381 หน้า
710 1  แจ่มใส
945    ^p229^l0^i022887
995    ทศพร
999 ^a ใช้งานได้ทุกระบบ
รายการนี้ยังไม่มีแท็ก
คุณยังไม่ได้ล็อกอิน คุณสามารถมีกิจกรรมร่วมกับเว็บไซต์ได้ แต่ต้องล็อกอินก่อน ::
  ล็อกอิน

รายการสื่อสารสนเทศ

ลำดับที่ ประเภท เลขเรียก/บาร์โค้ด สถานที่ สถานะ
1. นวนิยาย
นวนิยาย
นว. ว859ห 2550 ฉ.1 
  Barcode: 022887
ห้องสมุดวิทยาเขตสวรรค์ประชารักษ์
►นวนิยาย
บนชั้น
  ขอยืม

รายการใกล้เคียง
    ผู้แต่ง [ฌามิวอาห์]

BibComment


ยังไม่เคยถูกคอมเมนท์

คอมเมนท์ทรัพยากรรายการนี้
  คอมเมนท์: ริยาห พายุทราย สา..


 Copyright 2026. Bcnsprnw @Library